[Event "Prague op"]
[Site "Prague"]
[Date "2024.03.05"]
[Round "7"]
[White "Isik, Alparslan"]
[Black "Li, Di"]
[Result "1/2-1/2"]
[WhiteElo "2452"]
[BlackElo "2563"]
[PlyCount "107"]
[EventDate "2024.02.28"]
[EventType "swiss"]
[EventRounds "9"]
[EventCountry "CZE"]
[SourceTitle "CB11_2024"]
[SourceDate "2024.03.13"]
[SourceVersion "1"]
[SourceVersionDate "2024.03.13"]
[SourceQuality "1"]

1. Nf3 d5 2. g3 Nf6 3. Bg2 e6 4. 0-0 Be7 5. d4 0-0 6. c4 dxc4 7. Qc2 a6 8. a4 h6 9. Rd1 Nc6 10. Qxc4 e5 11. Nc3 e4 12. Ne5 Be6 13. Nxc6 Bxc4 14. Nxd8 Rfxd8 15. Be3 c6 16. b3 Bd5 17. Nxd5 Nxd5 18. Bd2 f5 19. Rab1 h5 20. h4 Kf7 21. e3 Ke6 22. Bf1 Bd6 23. Bc4 Kd7 24. Kf1 Rh8 25. Bxd5 cxd5 26. Ke2 Rac8 27. Rdc1 Ke6 28. Rxc8 Rxc8 29. Rc1 Rxc1 30. Bxc1 Kf6 31. Bd2 g5 32. hxg5+ Kxg5 33. Ba5 Kg4 34. Bd8 Ba3 35. Bf6 Bb4 36. Bd8 Bd6 37. Bf6 Bf8 38. Be5 Be7 39. Bc7 Bf6 40. Bd6 Bd8 41. Be5 Kh3 42. Kf1 Bg5 43. Bd6 Bd8 44. Be5 Be7 45. Bc7 Bb4 46. Be5 Kg4 47. Ke2 Kg5 48. Kd1 Kg6 49. Bf4 Kf6 50. Ke2 Ke6 51. Bg5 Be7 52. Bxe7 Kxe7 53. b4 Kf6 54. f4 1/2-1/2

[Event "Prague op"]
[Site "Prague"]
[Date "2024.03.04"]
[Round "6"]
[White "Ilamparthi, AR."]
[Black "Isik, Alparslan"]
[Result "1/2-1/2"]
[WhiteElo "2414"]
[BlackElo "2452"]
[PlyCount "71"]
[EventDate "2024.02.28"]
[EventType "swiss"]
[EventRounds "9"]
[EventCountry "CZE"]
[SourceTitle "CB11_2024"]
[SourceDate "2024.03.13"]
[SourceVersion "1"]
[SourceVersionDate "2024.03.13"]
[SourceQuality "1"]

1. e4 c5 2. Nf3 Nc6 3. d4 cxd4 4. Nxd4 e5 5. Nb5 d6 6. N1c3 a6 7. Na3 Be7 8. Nc4 b5 9. Ne3 Nf6 10. Bd3 Nb4 11. Be2 0-0 12. 0-0 Be6 13. Bf3 Nc6 14. Nf5 Rc8 15. Be3 b4 16. Na4 Bxf5 17. exf5 e4 18. Be2 Qa5 19. Nb6 Rcd8 20. a3 bxa3 21. Rxa3 Qxf5 22. Rxa6 d5 23. c3 Bd6 24. Na4 Ne5 25. Rxd6 Rxd6 26. Bc5 Rfd8 27. Bxd6 Rxd6 28. Nc5 h5 29. Nb3 Nc6 30. Nd4 Qe5 31. Nxc6 Rxc6 32. Qd2 Ng4 33. g3 Rf6 34. Bxg4 hxg4 35. Rd1 Rd6 36. Qf4 1/2-1/2

[Event "Prague op"]
[Site "Prague"]
[Date "2024.03.03"]
[Round "5"]
[White "Isik, Alparslan"]
[Black "Kokoszczynski, Jan"]
[Result "1-0"]
[WhiteElo "2452"]
[BlackElo "2272"]
[PlyCount "73"]
[EventDate "2024.02.28"]
[EventType "swiss"]
[EventRounds "9"]
[EventCountry "CZE"]
[SourceTitle "CB11_2024"]
[SourceDate "2024.03.13"]
[SourceVersion "1"]
[SourceVersionDate "2024.03.13"]
[SourceQuality "1"]

1. d4 d5 2. c4 e6 3. Nf3 h6 4. Nc3 Nf6 5. e3 a6 6. b3 b6 7. Bb2 Bb7 8. cxd5 exd5 9. g3 Bd6 10. Bg2 0-0 11. 0-0 Nbd7 12. Rc1 Re8 13. Ne2 Rc8 14. Nf4 c5 15. Nh4 Bxf4 16. gxf4 Ne4 17. Nf5 Ndf6 18. dxc5 bxc5 19. Be5 Re6 20. f3 Ng5 21. Nd6 Rxd6 22. Bxd6 Qxd6 23. fxg5 hxg5 24. Bh3 Rc7 25. Qd3 Re7 26. Bg2 Qb6 27. Qc3 d4 28. Qxc5 Qxc5 29. Rxc5 dxe3 30. Rxg5 Nd5 31. Rg4 f5 32. Rd4 f4 33. h4 Rc7 34. Re1 Rc2 35. Bf1 Rxa2 36. Bc4 Rd2 37. Rxf4 1-0

[Event "TUR-ch"]
[Site "Kemer"]
[Date "2023.12.09"]
[Round "8"]
[White "Eren, Ataberk"]
[Black "Isik, Alparslan"]
[Result "1/2-1/2"]
[WhiteElo "2429"]
[BlackElo "2452"]
[PlyCount "89"]
[EventDate "2023.12.02"]
[EventType "tourn"]
[EventRounds "9"]
[EventCountry "TUR"]
[EventCategory "3"]
[SourceTitle "CB50_2023"]
[SourceDate "2023.12.13"]
[SourceVersion "1"]
[SourceVersionDate "2023.12.13"]
[SourceQuality "1"]

1. d4 d5 2. c4 e6 3. Nc3 Nf6 4. cxd5 exd5 5. Bg5 Be7 6. e3 0-0 7. Bd3 Re8 8. Nf3 h6 9. Bh4 c6 10. Qc2 Ne4 11. Bxe7 Qxe7 12. Bxe4 dxe4 13. Nd2 f5 14. 0-0 Nd7 15. Rae1 Nf6 16. f3 exf3 17. Nxf3 c5 18. a3 Be6 19. h3 Rac8 20. Qa4 a6 21. Nh4 Qd6 22. dxc5 Qxc5 23. Qd4 Qa5 24. Nf3 Rcd8 25. Qf4 Qb6 26. Rf2 g5 27. Qb4 Qxb4 28. axb4 Bc4 29. Rd2 Rxd2 30. Nxd2 Bd5 31. Rf1 Re5 32. g4 Be6 33. e4 Bd7 34. Nf3 Re8 35. exf5 Bc6 36. Nd4 Re3 37. Nxc6 bxc6 38. Kg2 h5 39. Rf3 Re1 40. Rd3 hxg4 41. hxg4 Nxg4 42. Rg3 Ne5 43. Kf2 Rh1 44. Rxg5+ Kf7 45. Ne4 1/2-1/2

[Event "NOR-chT Elite 2324"]
[Site "Norway"]
[Date "2023.10.27"]
[Round "1.22"]
[White "Isik, Alparslan"]
[Black "Miezis, Normunds"]
[Result "1-0"]
[WhiteElo "2436"]
[BlackElo "2429"]
[PlyCount "112"]
[EventDate "2023.10.27"]
[EventType "team-tourn"]
[EventRounds "9"]
[EventCountry "NOR"]
[SourceTitle "Mega2024 Update 01"]
[Source "Chessbase"]
[SourceDate "2023.11.12"]
[SourceVersion "1"]
[SourceVersionDate "2023.11.12"]
[SourceQuality "1"]
[WhiteTeam "Oslo SK 1911"]
[BlackTeam "Asker"]
[WhiteTeamCountry "NOR"]
[BlackTeamCountry "NOR"]

1. d4 Nf6 2. c4 e6 3. Nf3 Bb4+ 4. Nbd2 0-0 5. a3 Be7 6. e4 d6 7. Be2 Nbd7 8. Qc2 e5 9. Nb1 exd4 10. Nxd4 Re8 11. Nc3 Nc5 12. f3 Nh5 13. 0-0 Bf6 14. Rd1 Be5 15. g3 Qf6 16. Be3 Qg6 17. Bf1 c6 18. Bg2 Nf6 19. Nde2 h5 20. b4 Ne6 21. f4 Ng4 22. Bc1 Bxc3 23. Nxc3 Nf8 24. Qd3 h4 25. h3 Nf6 26. g4 Bxg4 27. hxg4 Nxg4 28. Qf3 Rad8 29. f5 Qh5 30. Bh3 Nf6 31. Qxh5 Nxh5 32. Bg5 f6 33. Bxh4 Nd7 34. Bg4 Nf4 35. Bg3 Ne5 36. Bxf4 Nxg4 37. Rxd6 Rxd6 38. Bxd6 Ne3 39. c5 Nc4 40. Kf2 Kf7 41. Rh1 b5 42. Ra1 a5 43. bxa5 Nxa5 44. Rb1 Rh8 45. Kg3 g6 46. a4 bxa4 47. Nxa4 gxf5 48. exf5 Rh5 49. Kg4 Rg5+ 50. Kf4 Rh5 51. Nc3 Rh4+ 52. Kf3 Rh3+ 53. Bg3 Rh5 54. Kg4 Rg5+ 55. Kf4 Rh5 56. Ne4 Ke7 1-0

[Event "Ayvalik Chestnut"]
[Site "Ayvalik"]
[Date "2023.09.18"]
[Round "1.1"]
[White "Isik, Alparslan"]
[Black "Gholami, Aryan"]
[Result "1/2-1/2"]
[WhiteElo "2482"]
[BlackElo "2504"]
[PlyCount "126"]
[EventDate "2023.09.18"]
[EventType "schev"]
[EventRounds "9"]
[EventCountry "TUR"]
[SourceTitle "EXT 2024"]
[Source "ChessBase"]
[SourceDate "2023.10.10"]
[SourceVersion "1"]
[SourceVersionDate "2023.10.10"]
[SourceQuality "1"]
[WhiteTeam "Team A"]
[BlackTeam "Team B"]
[WhiteTeamCountry "TUR"]
[BlackTeamCountry "TUR"]

1. e4 c5 2. Nf3 e6 3. d4 cxd4 4. Nxd4 Nf6 5. Nc3 d6 6. g4 Nc6 7. g5 Nd7 8. Be3 a6 9. h4 Be7 10. Rg1 Qc7 11. h5 g6 12. hxg6 hxg6 13. Qd2 b5 14. a3 Bb7 15. 0-0-0 Na5 16. f4 e5 17. Nb3 Nxb3+ 18. cxb3 Bxe4 19. Bd3 Bc6 20. Kb1 Qb7 21. Qc2 Rh4 22. f5 e4 23. Qf2 Rh3 24. Be2 Ne5 25. f6 Bf8 26. Bf4 Nf3 27. Bxf3 Rxf3 28. Qh2 d5 29. Nxe4 dxe4 30. Qh8 Rd3 31. Rxd3 exd3 32. Re1+ Be4 33. Qh1 0-0-0 34. Rxe4 Qd5 35. Qc1+ Qc5 36. b4 Qxc1+ 37. Kxc1 Kb7 38. Kd2 Kc6 39. Kc3 Bd6 40. Bd2 Rd7 41. Be3 Kd5 42. Kxd3 Be5 43. Bd4 Bd6 44. Re8 Bf4 45. Be3 Be5 46. Ra8 Bxb2 47. Rxa6 Ke5+ 48. Kc2 Bd4 49. Bxd4+ Kxd4 50. Kb3 Rd5 51. a4 Rxg5 52. axb5 Rxb5 53. Ra7 Rb8 54. Re7 g5 55. Ka4 Ra8+ 56. Kb5 Rb8+ 57. Ka4 Ra8+ 58. Kb3 Rb8 59. Ka3 Ra8+ 60. Kb2 Kc4 61. Rxf7 Kxb4 62. Rg7 Rf8 63. Rxg5 Rxf6 1/2-1/2

[Event "Ayvalik Walnut"]
[Site "Ayvalik"]
[Date "2023.09.14"]
[Round "6.3"]
[White "Gholami, Aryan"]
[Black "Isik, Alparslan"]
[Result "1/2-1/2"]
[WhiteElo "2504"]
[BlackElo "2482"]
[PlyCount "37"]
[EventDate "2023.09.11"]
[EventType "schev"]
[EventRounds "9"]
[EventCountry "TUR"]
[SourceTitle "EXT 2024"]
[Source "ChessBase"]
[SourceDate "2023.10.10"]
[SourceVersion "1"]
[SourceVersionDate "2023.10.10"]
[SourceQuality "1"]
[WhiteTeam "Team B"]
[BlackTeam "Team A"]
[WhiteTeamCountry "TUR"]
[BlackTeamCountry "TUR"]

1. d4 Nf6 2. c4 e6 3. Nf3 d5 4. Nc3 Bb4 5. Bg5 h6 6. Bxf6 Qxf6 7. e3 0-0 8. Rc1 dxc4 9. Bxc4 c5 10. 0-0 cxd4 11. Nxd4 Bd7 12. Qb3 Nc6 13. Nxc6 Bxc3 14. Rxc3 Bxc6 15. Bb5 Bd5 16. Bc4 Bc6 17. Bb5 Bd5 18. Bc4 Bc6 19. Bb5 1/2-1/2

[Event "Ayvalik Walnut"]
[Site "Ayvalik"]
[Date "2023.09.12"]
[Round "3.6"]
[White "Pavlov, Mark"]
[Black "Isik, Alparslan"]
[Result "0-1"]
[WhiteElo "2267"]
[BlackElo "2482"]
[PlyCount "120"]
[EventDate "2023.09.11"]
[EventType "schev"]
[EventRounds "9"]
[EventCountry "TUR"]
[SourceTitle "EXT 2024"]
[Source "ChessBase"]
[SourceDate "2023.10.10"]
[SourceVersion "1"]
[SourceVersionDate "2023.10.10"]
[SourceQuality "1"]
[WhiteTeam "Team D"]
[BlackTeam "Team A"]
[WhiteTeamCountry "TUR"]
[BlackTeamCountry "TUR"]

1. d4 Nf6 2. Nf3 b6 3. e3 Bb7 4. b3 c5 5. c4 cxd4 6. exd4 g6 7. d5 Bg7 8. Bb2 0-0 9. Be2 e6 10. dxe6 dxe6 11. 0-0 Nc6 12. Qc1 Qc7 13. Nc3 Rad8 14. h3 e5 15. Qe3 Nd4 16. Rad1 Rfe8 17. Nb5 Nxb5 18. Rxd8 Qxd8 19. cxb5 Nd5 20. Qe4 Qa8 21. Qh4 Nf4 22. Bd1 Nxg2 23. Kxg2 Bxf3+ 24. Bxf3 e4 25. Bxg7 exf3+ 26. Kg3 Kxg7 27. Qd4+ Kg8 28. Rd1 Qb7 29. Rd3 Qc7+ 30. Qd6 Qc1 31. Qd5 Qg1+ 32. Kxf3 Re6 33. Qd4 Qh1+ 34. Kg3 Re1 35. Re3 Qg1+ 36. Kf3 Rxe3+ 37. Qxe3 Qd1+ 38. Kf4 Qd6+ 39. Qe5 g5+ 40. Kf5 Qxe5+ 41. Kxe5 Kg7 42. Kd6 h5 43. Kc7 h4 44. f3 f5 45. Kb7 g4 46. hxg4 h3 47. gxf5 h2 48. Kxa7 h1Q 49. Kxb6 Kf6 50. Ka7 Qh7+ 51. Ka6 Ke5 52. b4 Kd6 53. b6 Qxf5 54. a4 Qxf3 55. Ka7 Qa3 56. a5 Qxb4 57. a6 Kc6 58. b7 Kc7 59. Ka8 Qb6 60. a7 Qxb7# 0-1

[Event "Istanbul Bagcilar op"]
[Site "Istanbul"]
[Date "2023.09.07"]
[Round "6"]
[White "Isik, Alparslan"]
[Black "Satiroglu, Kaan"]
[Result "1-0"]
[WhiteElo "2482"]
[BlackElo "1628"]
[PlyCount "60"]
[EventDate "2023.09.03"]
[EventType "swiss"]
[EventRounds "9"]
[EventCountry "TUR"]
[SourceTitle "EXT 2024"]
[Source "ChessBase"]
[SourceDate "2023.10.10"]
[SourceVersion "1"]
[SourceVersionDate "2023.10.10"]
[SourceQuality "1"]

1. d4 e6 2. Nf3 Nf6 3. c4 d5 4. Nc3 Bb4 5. e3 0-0 6. Bd2 c5 7. a3 Bxc3 8. bxc3 Nc6 9. Bd3 Re8 10. 0-0 e5 11. cxd5 e4 12. dxc6 exd3 13. Ne5 bxc6 14. Nxd3 Ba6 15. Qc2 Qc8 16. Rfc1 Ne4 17. f3 c4 18. Nf4 Nxd2 19. Qxd2 f5 20. Re1 g5 21. Nh5 Qe6 22. Ng3 Bc8 23. Nh1 Rb8 24. Nf2 h5 25. e4 Qg6 26. d5 cxd5 27. exd5 Bd7 28. d6 Rxe1+ 29. Rxe1 Rb6 30. Qd5+ Qf7 1-0

[Event "Istanbul Bagcilar op"]
[Site "Istanbul"]
[Date "2023.09.05"]
[Round "4"]
[White "Isik, Alparslan"]
[Black "Demirbas, Emre"]
[Result "1/2-1/2"]
[WhiteElo "2482"]
[BlackElo "2020"]
[PlyCount "86"]
[EventDate "2023.09.03"]
[EventType "swiss"]
[EventRounds "9"]
[EventCountry "TUR"]
[SourceTitle "EXT 2024"]
[Source "ChessBase"]
[SourceDate "2023.10.10"]
[SourceVersion "1"]
[SourceVersionDate "2023.10.10"]
[SourceQuality "1"]

1. d4 d5 2. c4 c6 3. Nf3 Nf6 4. g3 e6 5. Bg2 dxc4 6. Ne5 Bb4+ 7. Nc3 Nd5 8. Bd2 b5 9. a4 a6 10. 0-0 Bb7 11. axb5 axb5 12. Rxa8 Bxa8 13. Qa1 Bxc3 14. bxc3 Nd7 15. Nxd7 Kxd7 16. Qa3 Bb7 17. e4 Nc7 18. Bf4 g5 19. Be5 f6 20. Qd6+ Kc8 21. Qxd8+ Rxd8 22. Bxf6 Rg8 23. f4 gxf4 24. Rxf4 b4 25. cxb4 c3 26. Rf2 Rf8 27. Bg5 Rxf2 28. Kxf2 Na6 29. Bh3 Kd7 30. b5 cxb5 31. d5 Nc5 32. Ke3 Kd6 33. dxe6 c2 34. Bf4+ Ke7 35. Kd2 Bxe4 36. Bg5+ Ke8 37. Kc3 Nd3 38. Bg2 b4+ 39. Kd4 Bxg2 40. Kxd3 b3 41. Kc3 Bd5 42. e7 h6 43. Bxh6 Kxe7 1/2-1/2

[Event "Istanbul Bagcilar op"]
[Site "Istanbul"]
[Date "2023.09.04"]
[Round "3"]
[White "Ghane Gardeh, Shojaat"]
[Black "Isik, Alparslan"]
[Result "1-0"]
[WhiteElo "2291"]
[BlackElo "2482"]
[PlyCount "133"]
[EventDate "2023.09.03"]
[EventType "swiss"]
[EventRounds "9"]
[EventCountry "TUR"]
[SourceTitle "EXT 2024"]
[Source "ChessBase"]
[SourceDate "2023.10.10"]
[SourceVersion "1"]
[SourceVersionDate "2023.10.10"]
[SourceQuality "1"]

1. d4 d5 2. Bf4 c5 3. e3 Nc6 4. c3 Qb6 5. Qb3 c4 6. Qc2 e5 7. dxe5 Bf5 8. Qc1 g5 9. Bg3 h5 10. h3 Nh6 11. Nf3 h4 12. Bh2 g4 13. hxg4 Nxg4 14. Bf4 Bg7 15. Nbd2 Bxe5 16. Nxe5 Ngxe5 17. Nf3 Nd3+ 18. Bxd3 Bxd3 19. b4 Be4 20. Rxh4 0-0-0 21. Rxh8 Rxh8 22. Qb2 Rg8 23. Nh4 Bxg2 24. Nxg2 Rxg2 25. 0-0-0 Ne7 26. Qc2 Qf6 27. Kb2 Qg6 28. Qe2 Qe6 29. Qf3 Rg8 30. Bg3 Qf5 31. Qh1 Rd8 32. Qh4 Nc6 33. b5 Ne5 34. Qe7 f6 35. Qc5+ Kb8 36. Rxd5 Rc8 37. Rxe5 fxe5 38. Qxe5+ Qxe5 39. Bxe5+ Ka8 40. f4 a6 41. Ka3 axb5 42. Kb4 b6 43. Kxb5 Kb7 44. Bd4 Ra8 45. Bxb6 Rxa2 46. Bd4 Rd2 47. Kc5 Kc7 48. e4 Kd7 49. f5 Ra2 50. e5 Ra5+ 51. Kxc4 Kc6 52. Kd3 Ra1 53. Ke4 Re1+ 54. Kf4 Kd5 55. e6 Re2 56. Kg5 Kd6 57. Kf6 Re4 58. Bf2 Rg4 59. Ba7 Rg8 60. Kf7 Rh8 61. Bf2 Rh7+ 62. Kg6 Rh3 63. c4 Rc3 64. c5+ Ke7 65. Bh4+ Kf8 66. f6 Rf3 67. Bg5 1-0

[Event "Istanbul Bagcilar op"]
[Site "Istanbul"]
[Date "2023.09.04"]
[Round "2"]
[White "Isik, Alparslan"]
[Black "Elmas, Ozgur"]
[Result "1-0"]
[WhiteElo "2482"]
[BlackElo "1781"]
[PlyCount "67"]
[EventDate "2023.09.03"]
[EventType "swiss"]
[EventRounds "9"]
[EventCountry "TUR"]
[SourceTitle "EXT 2024"]
[Source "ChessBase"]
[SourceDate "2023.10.10"]
[SourceVersion "1"]
[SourceVersionDate "2023.10.10"]
[SourceQuality "1"]

1. Nf3 g6 2. d4 Bg7 3. c4 d6 4. Nc3 Nc6 5. d5 Ne5 6. Nxe5 dxe5 7. e4 Nf6 8. Be2 0-0 9. 0-0 e6 10. Be3 exd5 11. cxd5 Ne8 12. Rc1 Nd6 13. Nb5 Nxb5 14. Bxb5 a6 15. Ba4 Bd7 16. Bxd7 Qxd7 17. Qb3 Rfb8 18. Rc3 b6 19. Rfc1 Rb7 20. Rc6 Bf8 21. f3 Raa7 22. Qc3 Bd6 23. Bg5 Kg7 24. f4 Qe8 25. Qh3 h5 26. f5 f6 27. Be3 g5 28. Qg3 Kh7 29. Qf2 Qf7 30. Bxb6 Rxb6 31. Rxd6 Rab7 32. Rxb6 Rxb6 33. Qc2 c6 34. dxc6 1-0

[Event "Istanbul Bagcilar op"]
[Site "Istanbul"]
[Date "2023.09.03"]
[Round "1"]
[White "Dere, Abdullah Dogukan"]
[Black "Isik, Alparslan"]
[Result "1/2-1/2"]
[WhiteElo "1817"]
[BlackElo "2482"]
[PlyCount "139"]
[EventDate "2023.09.03"]
[EventType "swiss"]
[EventRounds "9"]
[EventCountry "TUR"]
[SourceTitle "EXT 2024"]
[Source "ChessBase"]
[SourceDate "2023.10.10"]
[SourceVersion "1"]
[SourceVersionDate "2023.10.10"]
[SourceQuality "1"]

1. c4 e6 2. Nf3 Nf6 3. g3 d5 4. Bg2 d4 5. b4 c5 6. bxc5 Nc6 7. 0-0 Bxc5 8. Ba3 Bxa3 9. Nxa3 e5 10. e3 0-0 11. exd4 e4 12. Ng5 Qxd4 13. Nb5 Qxc4 14. Nd6 Qd4 15. Ngxe4 Nxe4 16. Nxe4 Bf5 17. Nc3 Rad8 18. Qf3 Bg6 19. Nd5 Qxd2 20. Qb3 Na5 21. Ne7+ Kh8 22. Nxg6+ hxg6 23. Qa3 b6 24. Rfe1 Rfe8 25. Re7 Rxe7 26. Qxe7 Qd7 27. Qh4+ Kg8 28. Rc1 Re8 29. Qf4 Rc8 30. Rxc8+ Qxc8 31. Bd5 Qd7 32. Qe4 Kf8 33. Qe5 f6 34. Qb8+ Ke7 35. Qg8 Kd6 36. Bf7 Nc6 37. Qxg7 Qe7 38. Qg8 g5 39. Bd5 Nd4 40. Kg2 Kc5 41. Ba8 Qd6 42. Qc8+ Kb4 43. Qc1 b5 44. Qd2+ Ka4 45. Qc3 b4 46. Qc4 Ka3 47. Bd5 Qb6 48. h4 gxh4 49. gxh4 f5 50. h5 Kb2 51. Qd3 Qc5 52. Qd2+ Ka3 53. Ba8 Qc3 54. Qg5 Kxa2 55. Bd5+ b3 56. h6 Qc5 57. Qg8 Ka1 58. Bxb3 Qc6+ 59. Qd5 Qg6+ 60. Kf1 Nxb3 61. Qxb3 Qxh6 62. Qa3+ Kb1 63. Qb3+ Kc1 64. Qc3+ Kd1 65. Qd3+ Kc1 66. Qc3+ Kd1 67. Qd3+ Qd2 68. Qb1+ Qc1 69. Qd3+ Qd2 70. Qb1+ 1/2-1/2

[Event "TUR-chT"]
[Site "Ankara"]
[Date "2023.07.10"]
[Round "1.3"]
[White "Murzin, Volodar"]
[Black "Isik, Alparslan"]
[Result "1/2-1/2"]
[WhiteElo "2623"]
[BlackElo "2478"]
[PlyCount "73"]
[EventDate "2023.07.10"]
[EventType "team-tourn"]
[EventRounds "11"]
[EventCountry "TUR"]
[SourceTitle "EXT 2024"]
[Source "ChessBase"]
[SourceDate "2023.10.10"]
[SourceVersion "1"]
[SourceVersionDate "2023.10.10"]
[SourceQuality "1"]
[WhiteTeam "Bayegan Pendik"]
[BlackTeam "Darassufaka Spor"]
[WhiteTeamCountry "TUR"]
[BlackTeamCountry "TUR"]

1. e4 e5 2. Nf3 Nc6 3. Bb5 a6 4. Ba4 Nf6 5. 0-0 b5 6. Bb3 Bc5 7. c3 d6 8. d4 Bb6 9. Be3 0-0 10. Nbd2 h6 11. h3 Re8 12. Re1 Rb8 13. a4 Bb7 14. d5 Bxe3 15. Rxe3 Ne7 16. Nf1 c6 17. axb5 cxd5 18. bxa6 dxe4 19. axb7 exf3 20. Rxf3 Rxb7 21. Ne3 Qb6 22. Bxf7+ Kxf7 23. Nc4 Qc6 24. Nxd6+ Kg8 25. Nxe8 Qxe8 26. Qe2 Qb5 27. Ra8+ Kf7 28. Rxf6+ gxf6 29. Qh5+ Kg7 30. Qg4+ Kf7 31. Rh8 Qd3 32. Qh5+ Ke6 33. Qg4+ Kf7 34. Qh5+ Ke6 35. Qg4+ Kf7 36. Qh5+ Ke6 37. Qg4+ 1/2-1/2

[Event "Cesme op-A 9th"]
[Site "Cesme"]
[Date "2023.06.25"]
[Round "9"]
[White "Iskandarov, Misratdin"]
[Black "Isik, Alparslan"]
[Result "0-1"]
[WhiteElo "2563"]
[BlackElo "2461"]
[PlyCount "120"]
[EventDate "2023.06.19"]
[EventType "swiss"]
[EventRounds "9"]
[EventCountry "TUR"]
[SourceTitle "CBM 214 Extra"]
[Source "ChessBase"]
[SourceDate "2023.07.31"]
[SourceVersion "1"]
[SourceVersionDate "2023.07.31"]
[SourceQuality "1"]

1. Nf3 d5 2. c4 e6 3. d4 Nf6 4. Nc3 c5 5. cxd5 Nxd5 6. e4 Nxc3 7. bxc3 cxd4 8. cxd4 Bb4+ 9. Bd2 Bxd2+ 10. Qxd2 0-0 11. Bc4 b6 12. 0-0 Bb7 13. Rfe1 Nd7 14. Rad1 Rc8 15. Bb3 Re8 16. h3 h6 17. Qf4 Qf6 18. Qg3 Rc3 19. Ba4 Rd8 20. d5 Nc5 21. Bc6 Nxe4 22. Qg4 Bxc6 23. dxc6 Rxd1 24. Rxd1 Qf5 25. Qxf5 exf5 26. Rd8+ Kh7 27. Nd4 Rc1+ 28. Kh2 f4 29. g3 f3 30. Rd7 Nxf2 31. Nxf3 Rxc6 32. Rxa7 Ne4 33. Rxf7 Rc2+ 34. Kg1 Rxa2 35. Rb7 Rb2 36. Ne5 Nxg3 37. Nc4 Rb4 38. Nxb6 Ne2+ 39. Kh2 Nf4 40. Kg3 Nh5+ 41. Kg2 Rb2+ 42. Kf3 Rb3+ 43. Ke4 Nf6+ 44. Kd4 Rxh3 45. Nc4 h5 46. Nd6 Kg6 47. Ke5 Re3+ 48. Kd4 Re6 49. Nc4 Re4+ 50. Kd3 h4 51. Nd2 Rg4 52. Nf3 Kh5 53. Rb8 Rg3 54. Ke2 g5 55. Ne5 g4 56. Rb5 h3 57. Nd7+ Kg6 58. Ne5+ Kh6 59. Rb6 h2 60. Rxf6+ Kg7 0-1

[Event "Cesme op-A 9th"]
[Site "Cesme"]
[Date "2023.06.22"]
[Round "6"]
[White "Lintchevski, Daniil"]
[Black "Isik, Alparslan"]
[Result "1-0"]
[WhiteElo "2551"]
[BlackElo "2461"]
[PlyCount "135"]
[EventDate "2023.06.19"]
[EventType "swiss"]
[EventRounds "9"]
[EventCountry "TUR"]
[SourceTitle "CBM 214 Extra"]
[Source "ChessBase"]
[SourceDate "2023.07.31"]
[SourceVersion "1"]
[SourceVersionDate "2023.07.31"]
[SourceQuality "1"]

1. Nf3 d5 2. d4 Nf6 3. c4 e6 4. Nc3 Be7 5. Bf4 0-0 6. e3 Nbd7 7. Rc1 c5 8. a3 cxd4 9. exd4 dxc4 10. Bxc4 Nb6 11. Bd3 Nbd5 12. Nxd5 Nxd5 13. Bg3 Qa5+ 14. Nd2 Bd7 15. 0-0 Bb5 16. Nc4 Bxc4 17. Rxc4 Rfd8 18. Qc2 h6 19. Bh7+ Kf8 20. Be4 Bd6 21. Bxd6+ Rxd6 22. Rc5 Qd8 23. Bxd5 Rxd5 24. Qh7 Rxc5 25. dxc5 f6 26. Qc2 Qc7 27. b4 Rd8 28. Rd1 Rxd1+ 29. Qxd1 a5 30. h4 axb4 31. axb4 b6 32. cxb6 Qxb6 33. Qa4 Qd4 34. Qa8+ Ke7 35. b5 Qd1+ 36. Kh2 Qd6+ 37. g3 Qb6 38. Qa3+ Kd7 39. Qd3+ Kc7 40. Qc4+ Kb7 41. Kg1 Qd6 42. Qg4 Qd7 43. Qa4 Qd6 44. h5 e5 45. Qa2 Qd1+ 46. Kg2 Qd7 47. Qa6+ Kb8 48. Qb6+ Kc8 49. Kh2 Qd1 50. Qc6+ Kb8 51. Kg2 Qd8 52. b6 Qe7 53. Kf1 Qb7 54. Qd6+ Ka8 55. Qa3+ Kb8 56. Qf8+ Qc8 57. Qxg7 Qc1+ 58. Kg2 Qc6+ 59. f3 Qxb6 60. Qxh6 Qa6 61. Qd2 f5 62. Qb2+ Kc8 63. Qxe5 Qa2+ 64. Kh3 Qf7 65. Qh8+ Kd7 66. h6 Qc4 67. Qh7+ Ke8 68. Qxf5 1-0

[Event "Cesme op-A 9th"]
[Site "Cesme"]
[Date "2023.06.20"]
[Round "2"]
[White "Isik, Alparslan"]
[Black "Ozsakallioglu, Okan"]
[Result "1-0"]
[WhiteElo "2461"]
[BlackElo "2246"]
[PlyCount "99"]
[EventDate "2023.06.19"]
[EventType "swiss"]
[EventRounds "9"]
[EventCountry "TUR"]
[SourceTitle "CBM 214 Extra"]
[Source "ChessBase"]
[SourceDate "2023.07.31"]
[SourceVersion "1"]
[SourceVersionDate "2023.07.31"]
[SourceQuality "1"]

1. d4 d5 2. c4 c6 3. Nf3 Nf6 4. e3 e6 5. b3 Nbd7 6. Bb2 Bb4+ 7. Nbd2 0-0 8. Bd3 c5 9. a3 Ba5 10. cxd5 exd5 11. 0-0 cxd4 12. Bxd4 Re8 13. Qc2 Bb6 14. Rac1 Nf8 15. Qb2 Bxd4 16. Nxd4 Bd7 17. b4 Ng6 18. Bxg6 hxg6 19. Rc3 Qb6 20. Rfc1 Rec8 21. Rxc8+ Rxc8 22. Rxc8+ Bxc8 23. Qc3 Bd7 24. N4f3 Qc6 25. Qxc6 Bxc6 26. Nd4 Be8 27. h4 Kf8 28. f3 Ke7 29. Kf2 Kd6 30. Ke2 Ba4 31. g4 Nd7 32. f4 Nb6 33. Kd3 Bd7 34. g5 Na4 35. N4f3 Bf5+ 36. Kd4 f6 37. Nh2 Nb6 38. Nhf1 Na8 39. Ng3 Nc7 40. Nxf5+ gxf5 41. gxf6 g6 42. a4 b5 43. a5 Ne6+ 44. Kc3 d4+ 45. Kd3 dxe3 46. Kxe3 Kd5 47. f7 Nf8 48. a6 Ne6 49. Nf3 Nf8 50. Nd4 1-0

[Event "TUR-ch U20"]
[Site "Samsun"]
[Date "2023.05.24"]
[Round "8"]
[White "Isik, Alparslan"]
[Black "Isilak, Enes"]
[Result "1-0"]
[WhiteElo "2451"]
[BlackElo "2181"]
[PlyCount "52"]
[EventDate "2023.05.19"]
[EventType "swiss"]
[EventRounds "9"]
[EventCountry "TUR"]
[SourceTitle "CBM 214 Extra"]
[Source "ChessBase"]
[SourceDate "2023.07.31"]
[SourceVersion "1"]
[SourceVersionDate "2023.07.31"]
[SourceQuality "1"]

1. d4 d5 2. c4 dxc4 3. Nf3 Nf6 4. e3 e6 5. Bxc4 a6 6. 0-0 b5 7. Bd3 Bb7 8. a4 b4 9. Qe2 c5 10. Nbd2 cxd4 11. exd4 Be7 12. Nc4 0-0 13. Bf4 Nbd7 14. a5 Nd5 15. Bg3 N7f6 16. Nfe5 g6 17. Rfd1 Nh5 18. Be4 Ndf4 19. Bxf4 Nxf4 20. Qf3 Bxe4 21. Qxe4 Nd5 22. Nb6 Nxb6 23. axb6 Qd6 24. Nc6 Bf6 25. b7 Rab8 26. Nxb8 Rxb8 1-0